10 Largest Cities - US 2020 Census - Statistics

General Stats
  • This quiz has been taken 1,277 times
  • The average score is 8 of 10
Answer Stats
Hint Answer % Correct
8,804,190 New York
100%
3,898,747 Los Angeles
99%
2,746,388 Chicago
96%
2,304,580 Houston
92%
1,304,379 Dallas
91%
1,603,797 Philadelphia
83%
1,608,139 Phoenix
76%
1,386,932 San Diego
73%
1,434,625 San Antonio
61%
1,013,240 San Jose
55%
No matching quizzes found
Score Distribution
Percent of People with Each Score
Percentile by Number Answered
Your Score History
You have not taken this quiz